|
|
|
|
| LEADER |
00000nas a22000007a 4500 |
| 001 |
ssj0000491167 |
| 003 |
WaSeSS |
| 005 |
20200512172242.0 |
| 006 |
m d |
| 007 |
cr n |
| 008 |
970902c19939999sp tn p s 0 0spa |
| 010 |
|
|
|a sn 97039422
|
| 016 |
7 |
|
|a 9711472
|2 DNLM
|
| 016 |
7 |
|
|a SR0091445
|2 DNLM
|
| 022 |
|
|
|a 1132-9483
|l 1132-9483
|y 1132-9483
|
| 030 |
|
|
|a PCONFN
|
| 035 |
|
|
|a (WaSeSS)ssj0000491167
|
| 040 |
|
|
|a NLM
|b eng
|c NLM
|d CAS
|d OCLCQ
|d XVF
|d OCLCO
|d OCLCQ
|d OCLCO
|d OCLCF
|d OCLCO
|d CDS
|d EUW
|d OCLCO
|d OCLCQ
|d OCLCO
|d I8M
|d OCLCO
|d OCLCQ
|d OCLCA
|d WaSeSS
|
| 041 |
0 |
|
|a spa
|b eng
|f eng
|
| 042 |
|
|
|a msc
|
| 050 |
|
4 |
|a RC467
|b .P75
|
| 060 |
0 |
0 |
|a W1
|b PS164LM
|
| 245 |
0 |
0 |
|a Psicología conductual
|h [electronic resource].
|
| 260 |
|
|
|a Granada :
|b Asociación Española de Psicología Conductual ;
|a Madrid :
|b Siglo XXI de España Editores
|
| 310 |
|
|
|a Three times a year
|
| 362 |
1 |
|
|a Began in 1993.
|
| 500 |
|
|
|a Issues have distinctive titles.
|
| 506 |
|
|
|a License restrictions may limit access.
|
| 546 |
|
|
|a Articles in Spanish; summaries and table of contents also in English.
|
| 588 |
|
|
|a Description based on: Vol. 3, no. 3 (dic. de 1995); title from analytical t.p.
|
| 650 |
|
0 |
|a Clinical psychology
|v Periodicals.
|
| 650 |
0 |
2 |
|a Behavior.
|
| 650 |
0 |
2 |
|a Psychology, Clinical.
|
| 650 |
|
7 |
|a Clinical psychology.
|2 fast
|0 (OCoLC)fst00864407
|
| 655 |
|
0 |
|a Electronic journals.
|
| 710 |
2 |
|
|a Asociación Española de Psicología Conductual.
|
| 850 |
|
|
|a DNLM
|
| 856 |
4 |
0 |
|z Full text available from Research Library: 01/01/2010 to present
|u https://search.proquest.com/publication/966333
|